[Event "Enghien les Bains 3rd"]
[Site "Enghien les Bains"]
[Date "1999.03.04"]
[Round "2"]
[White "Sadler, Matthew D"]
[Black "Tkachiev, Vladislav"]
[Result "0-1"]
[WhiteElo "2667"]
[BlackElo "2634"]
[Annotator "Tsesarsky,I"]
[PlyCount "88"]
[EventDate "1999.03.03"]
[EventType "tourn"]
[EventRounds "9"]
[EventCountry "FRA"]
[EventCategory "15"]
[SourceTitle "CBM 070"]
[Source "ChessBase"]
[SourceDate "1999.06.08"]
[SourceVersion "1"]
[SourceVersionDate "1999.06.08"]
[SourceQuality "1"]

{[%mdl 4128]} 1. d4 d6 2. e4 Nf6 3. f3 c5 4. d5 g6 5. c4 (5. Bb5+ Nfd7 6. a4
Bg7 7. Nc3 Na6 8. Be3 Qa5 9. Qd2 Nc7 10. Be2 a6 11. Bh6 Bxh6 12. Qxh6 Nf6 13.
Ra3 Rb8 $132 {1-0 Barendrecht,J-Wright/Vlissingen tt 1968 (41)}) (5. Nc3 Bg7 6.
Be3 (6. Bg5 h6 7. Be3 O-O 8. Qd2 e6 9. O-O-O exd5 10. exd5 Kh7 11. h4 h5 12.
Nh3 Bxh3 13. Rxh3 $14 {0-1 Sugden,J-Beaumont,C/BCF ch Plymouth 1989 (33)}) 6...
a6 7. Qd2 b5 8. a3 Nbd7 9. Nh3 Qa5 10. Be2 Ne5 11. Nf2 Bd7 12. O-O O-O 13. Bh6
$14 {1-0 MANTIA,A-ATKINS,C/DAYTON 1989 (40)}) (5. Ne2 Bg7 6. Nec3 a6 7. a4 O-O
8. Be2 Nbd7 9. O-O Ne8 10. Kh1 Nc7 11. Na3 b5 12. axb5 axb5 13. Ncxb5 Nxb5 14.
Bxb5 Ba6 15. Rb1 (15. Bxa6 Rxa6 16. Qe2 Qa8 17. c3 $14) 15... Bxb5 16. Nxb5 Qb6
17. c4 $14 {0-1 Rabczewsky,A-Piancatelli,M/Rome 1990 (25)}) (5. Be3 Bg7 6. Qd2
$2 Nxe4 7. fxe4 Bxb2 $19 {0-1 Reuter,P-Lisanti,A/BL 1991 (25)}) 5... Bg7 (5...
b5 6. cxb5 Bg7 7. Ne2 O-O 8. Nec3 e6 (8... Nbd7 9. a4 e6 10. dxe6 fxe6 11. Qxd6
$18 {1-0 Rogers,I-Reilly,T/Canberra 1994 (31)}) 9. Bc4 a6 10. O-O exd5 11. Bxd5
Nxd5 12. Qxd5 Ra7 13. Na3 Bd4+ 14. Kh1 Be6 15. Qg5 $16 {1-0 Colias,B-Hahn/
Chicago 1992 (44)}) 6. Ne2 O-O 7. Nec3 e6 $5 $132 (7... e5 $5 {[%csl Gb1]} 8.
Bg5 h6 9. Be3 Nh5 10. Qd2 Kh7 11. Na3 f5 $1 (11... Na6 12. O-O-O Nb4 13. Nab1
Bd7 14. g3 b5 15. a3 bxc4 (15... Na6 16. Nxb5 Nc7 17. Nxd6 $18 {1-0 Wallace
John Paul-Dao Thien Hai/Budapest (HUN) 1995 (40)}) 16. Bxc4 a5 $5 17. axb4 axb4
18. Ne2 f5 19. exf5 $16) 12. Bd3 f4 13. Bf2 Bf6 14. O-O-O Bh4 15. Bg1 Nd7 16.
Bc2 a6 17. Kb1 b5 18. cxb5 axb5 19. Naxb5 Qb6 20. Bd3 Ba6 21. a4 Rfb8 22. Rc1
Ng7 23. g3 Bf6 24. gxf4 exf4 25. Rc2 Ne5 26. Be2 $132) 8. Be3 Na6 9. Be2 Nc7
10. a4 Nfe8 (10... exd5 11. exd5 (11. cxd5 Bd7 12. Na3 b6 13. O-O a6 14. Nc4
Nce8 15. Qb3 Rb8 16. Bf4 Nh5 17. Be3 (17. Bxd6 Nxd6 18. Nxd6 Bd4+ 19. Kh1 Ng3+
20. hxg3 Qg5 $19) 17... f5 $5 $132 (17... b5 18. axb5 axb5 19. Na5 Bd4 20. Bxd4
cxd4 21. Nd1 (21. Nxb5 $2 Nf4 22. Bc4 Nc7 23. Nc6 Bxc6 24. dxc6 Nxb5 25. g3 (
25. Bxb5 Qg5 $19 {[%csl Rb5,Rg2]}) 25... Nc7 $19) 21... Nf4 22. Rf2 Ra8 $132 (
22... Qg5 23. Kh1 $14))) 11... Re8 12. Bf2 Na6 $11) 11. Qd2 f5 $1 12. O-O (12.
dxe6 Bxe6 (12... Nxe6 13. O-O Nd4 $132) 13. O-O fxe4 14. Nxe4 b6 {[%cal Gd6d5]}
15. Nbc3 d5 16. cxd5 Nxd5 $11) 12... Nf6 (12... fxe4 13. fxe4 Rxf1+ 14. Bxf1
Be5 $132) 13. e5 (13. dxe6 Bxe6 (13... fxe4 14. fxe4 Bxe6 15. Na3 Qe7 16. Rad1
Rad8 17. Bf4 Bc8 (17... Nfe8 18. e5 Rxf4 19. Qxf4 Bxe5 20. Qe4 $16) 18. Bxd6 (
18. Bf3 Nfe8 19. Nab5 a6 20. Nxc7 Bd4+ 21. Kh1 Nxc7 22. Bg5 Bf6 $11) 18... Nxe4
19. Bxe7 Rxf1+ 20. Bxf1 Rxd2 21. Rxd2 Nxd2 22. Bxc5 b6 23. Be3 Bxc3 24. bxc3
Nxf1 25. Kxf1 $14) 14. Na3 Qe7 15. Rad1 Rad8 16. Bf4 fxe4 (16... Qf7 17. Bxd6
$2 (17. exf5 Bxf5 18. Nab5 Nxb5 19. Nxb5 d5 20. Nd6 Qe7 21. Nxf5 gxf5 22. cxd5
Nxd5 23. Bc4 Kh8 (23... Bd4+ 24. Kh1 Kh8 25. Rfe1 Qf6 26. Bg5 $18) 24. Bg5 Bf6
25. Bxf6+ Nxf6 26. Qf4 $16) 17... Nfe8 $15) 17. fxe4 Bc8 {See previous
variation.}) 13... dxe5 (13... Nfe8 14. f4 (14. exd6 Qxd6 15. Rd1 exd5 16. cxd5
b6 (16... f4 17. Bf2 Nf6 18. Na3 Rd8 19. Nc4 $16) 17. Na3 Bb7 18. Nc4 Qd7 19.
a5 (19. d6 Ne6 20. Nb5) 19... b5 20. Bxc5 bxc4 21. Bxf8 Bxf8 22. Bxc4 Bc5+ 23.
Kh1 Nd6 $132) 14... exd5 15. cxd5 dxe5 16. Bxc5 Nd6 17. fxe5 Bxe5 $132) 14.
Bxc5 Rf7 (14... exd5 $2 15. Bxf8 Qxf8 16. Nxd5 Ncxd5 17. cxd5 Qc5+ 18. Kh1 Nxd5
19. Rc1 $16) 15. dxe6 (15. d6 $5 b6 16. Ba3 Nce8 (16... Na6 17. b4 Bb7 18. c5
$16) 17. Rd1 Rd7 18. a5 Bb7 19. axb6 axb6 20. Nb5 Bf8 21. Qc3 (21. N1c3 Nxd6
$15) 21... e4 22. Qe5 Nxd6 23. Qxe6+ Nf7 24. N1c3 Bxa3 25. bxa3 Bc8 26. Qc6 Bb7
27. Qe6 Bc8 $11) 15... Nxe6 (15... Bxe6 $6 16. Qxd8+ Rxd8 17. Bxa7 $16) 16.
Qxd8+ Nxd8 17. Nb5 (17. Rd1 Rd7 $11) 17... Nc6 (17... b6 18. Be3 Rd7 19. N1c3
a6 20. Na3 Rb8 21. Rad1 Ne6 22. Nc2 $11) 18. N1c3 Be6 (18... b6 $11) 19. Bf2 (
19. Rad1 $11) 19... Bf8 20. Rad1 a6 21. Na3 Nd4 (21... Rd7 22. Rxd7 Nxd7 23.
Rd1 Nd4 24. Bf1 (24. Bd3 Nc5 25. Bf1) 24... Bc5 25. f4 Rc8 (25... Rd8 26. fxe5
Nxe5 27. b4 Ba7 28. Nc2 Nec6 29. b5 Nxc2 30. Rxd8+ Nxd8 31. Bxa7 $16) 26. fxe5
Nb3 $44) 22. Rfe1 (22. Bd3 Bxa3 (22... Rc8 23. Rfe1 Bxa3 24. bxa3 Bxc4 25. Rxe5
$15) 23. bxa3 Rc8 24. f4 (24. Rfe1 Bxc4 25. Rxe5 Bb3 26. Rc1 (26. Bxd4 Bxd1 27.
Nxd1 Rd7 $19) 26... Rd7 27. Bf1 Nc2 $5 $15 (27... Bxa4 28. Nd5 (28. Be3 Nb3 29.
Ne4 Nxc1 30. Nxf6+ Kf7 31. Nxd7 Bxd7 32. Bg5 Be6 $17) 28... Rxc1 29. Nxf6+ Kf7
30. Nxd7 Bb5 31. Re1 Rxe1 32. Bxe1 Bxd7 $15)) 24... e4 25. Bxd4 exd3 26. Bxf6
Rxf6 27. Nd5 Bxd5 28. cxd5 Rc3 $17) 22... Rc8 23. Bd3 Nc6 (23... Bxa3 $1 24.
bxa3 Bxc4 25. Rxe5 Bb3 26. Rc1 Rd7 27. Bf1 $15 {See previous variations.}) 24.
Nc2 Rd7 25. Bb6 (25. Bg3 Nh5 26. Bxe5 Nxe5 27. Rxe5 Nf4 28. Bf1 Rxd1 29. Nxd1
Bxc4 30. Bxc4+ Rxc4 31. Nce3 Rxa4 $17) 25... Be7 26. Bf1 Kf7 $15 {[%csl Rb4,
Rc5]} 27. b3 Bd8 $1 (27... Nb4 28. Na3 Rxd1 29. Rxd1 Nd7 30. Bf2 Nc5 31. Nd5 a5
32. Nxe7 Kxe7 33. Bxc5+ Rxc5 34. Nb5 Rc8 35. Kf2 Rd8 36. Rxd8 Kxd8 37. Ke3 g5 (
37... Ke7 38. f4 $11) 38. g3 Ke7 39. f4 $11) 28. Rxd7+ Nxd7 29. Bxd8 (29. Bf2
Ba5 $17) 29... Rxd8 30. b4 (30. Rd1 a5 $17) 30... a5 $1 {White has prolems
with black squares.} (30... Nd4 $2 31. Ne3 (31. Nxd4 exd4 32. Nd1 (32. Nd5 Bxd5
33. cxd5 Nb6 34. Rd1 Nxa4 35. Rxd4 Nb6 $17) 32... b6 33. Kf2 (33. Nb2 a5 34.
bxa5 bxa5 $17) 33... a5 34. bxa5 bxa5 35. Nb2 Rb8 36. Re2 Nc5 $17) 31... b6 32.
Ned5 a5 33. Rb1 $11) 31. Rb1 $2 $17 (31. bxa5 Nxa5 32. Ne3 Nc5 (32... Nf6 $15)
33. Ned5 Nc6 $15) 31... Nxb4 32. Nxb4 axb4 33. Rxb4 Nc5 34. Rb5 Rc8 $1 35. Rb6
(35. a5 Bd7 36. Rb2 Ra8 $17) 35... Bd7 36. a5 $2 $19 (36. Rb4 Ra8 37. Kf2 Ke6
$1 {[%csl Ra4]} (37... Bxa4 $2 38. Nxa4 Rxa4 39. Rb5 $11) (37... Ra7 {[%csl
Ra4]} 38. Nb5 Rxa4 39. Rxa4 Nxa4 40. Nd6+ Ke7 41. Nxb7 Bc8 42. Na5 Kd6 $15) 38.
Ke3 Bxa4 39. Nxa4 Rxa4 40. Rb5 Kd6 $17) 36... Ra8 37. Nd5 Rxa5 (37... Bc6 $142
38. h4 (38. Nb4 Nd7 39. Nxc6 Nxb6 40. axb6 bxc6 41. c5 Ke6 $19) 38... Rxa5 (
38... Nd7 39. Rb2 Rxa5 $17) 39. Nb4 Bd7 $17) 38. Nf6 Bc6 39. Nxh7 Ra1 40. Kf2
$2 $19 (40. Ng5+ Kf6 41. h4 Ra2 42. Rb1 e4 43. fxe4 fxe4 44. Re1 Ke5 45. Re2
Rxe2 (45... Ra3 46. Nf7+ Kd4 47. Nh8 Rg3 (47... Be8 48. Rf2 Nd3 49. Rf8 Bc6 50.
Nxg6 $132) 48. Kh2 Rg4 49. Kh3 Rf4 50. Rd2+ Kc3 51. Rd1 Rf6 $17) (45... Ra1 $17
) 46. Bxe2 Kf4 $17) 40... Ra2+ 41. Ke1 (41. Kg3 f4+ 42. Kh3 (42. Kg4 Kg7 43.
Ng5 Bd7+ 44. Kh4 Ra8 $1 $19 {[%cal Ga8h8]}) 42... Kg7 (42... Bd7+ $1 43. g4 Bc6
44. Ng5+ Kf6 45. Nh7+ Ke7 (45... Kg7 46. Ng5) 46. Ng5 Rf2 47. Bg2 Nd3 $19) 43.
Ng5 Ra8 44. g3 Bd7+ 45. g4 Bc6 $17) 41... e4 42. Ng5+ Kf6 43. f4 (43. h4 Ke5
44. fxe4 fxe4 $19) 43... Ke7 (43... Nd3+ 44. Bxd3 exd3 $19) 44. Rb1 (44. h3
Nd3+ 45. Bxd3 exd3 46. Nf3 Rxg2 $19) 44... Nd3+ 0-1

[Event "RUS-Cup03 Geller Memorial"]
[Site "Moscow"]
[Date "1999.02.12"]
[Round "3"]
[White "Chuprov, Dmitry"]
[Black "Zakharevich, Igor"]
[Result "0-1"]
[WhiteElo "2400"]
[BlackElo "2532"]
[Annotator "Tsesarsky,I"]
[PlyCount "130"]
[EventDate "1999.02.10"]
[EventType "swiss"]
[EventRounds "9"]
[EventCountry "RUS"]
[SourceTitle "CBM 070"]
[Source "ChessBase"]
[SourceDate "1999.06.08"]
[SourceVersion "1"]
[SourceVersionDate "1999.06.08"]
[SourceQuality "1"]

{[%mdl 24800]} 1. e4 d6 2. d4 Nf6 3. Bd3 g6 4. Nf3 Bg7 5. O-O O-O 6. Re1 Bg4 7.
h3 (7. Nbd2 Nc6 8. h3 Bxf3 9. Nxf3 e5 10. d5 $14 (10. dxe5 Nxe5 11. Nxe5 dxe5
$14 {1-0 Mohrlok,D-Lechtynsky,J/Moscow EUchT (2) 1977 (33)})) 7... Bxf3 8. Qxf3
Nfd7 (8... e5 9. dxe5 dxe5 10. Nd2 c6 11. Nc4 Qc7 12. Bg5 Nbd7 13. Rad1 b5 14.
Ne3 $14 {0-1 WOLCOTT Keith 1404-PANZEL 1747/#166 Virgo I - Cleve 1975 (43)}) (
8... Nc6 9. Be3 (9. c3 e5 10. d5 Ne7 11. Bg5 Nd7 12. Nd2 f6 13. Bh4 Nc5 14. Bc2
c6 15. b4 Nd7 16. dxc6 bxc6 17. Rad1 $16 {1-0 Torregrossa,R-Lipton,L/
Champaign-Urbana 1990 (39)}) 9... e5 10. d5 Nb4 11. Qe2 Nxd3 12. Qxd3 Qd7 13.
Nd2 (13. c4 $14 {[%cal Gb1c3]}) 13... c6 14. c4 cxd5 15. cxd5 Rfc8 16. Rac1 $14
a6 $4 (16... b5) 17. Nc4 Qb5 18. a4 Qb4 19. Bd2 $18 (19. b3 $4 b5 $132 {
1/2-1/2 Moatlhodi,K-Christopher,K/Novi Sad ol BSW-VGB 1990 (27)})) 9. c3 (9.
Qe3 c5 10. c3 cxd4 11. cxd4 Nc6 12. d5 Nb4 13. Nc3 Nc5 (13... Nxd3 $11) 14. Bb1
Qa5 15. Nd1 Nbd3 16. Bxd3 Nxd3 17. Re2 Qa6 (17... Nxc1 18. Rxc1 $132 (18. Qxc1
Rac8 $15)) 18. Rd2 $132 {0-1 Konle,W-Gass,U/Wolfbusch-Marktheidenfeld [6] 1986
(64)}) 9... c5 10. dxc5 (10. e5 $142 {[%cal Gf3b7]} Nc6 11. exd6 exd6 12. dxc5
$14 (12. Bf4 Re8 $1 $15)) 10... Nxc5 $14 {Black want to win!} (10... Ne5 11.
Qg3 Nxd3 12. Qxd3 dxc5 $11) 11. Bc2 Nc6 12. Be3 $6 $132 (12. Na3 a6 13. Nc4 b5
14. Ne3 $14) (12. Nd2 b5 13. Nb3 Na4 14. Rb1 b4 15. Nd4 Nxd4 (15... Bxd4 16.
Bxa4 Ne5 17. Qd1 Bc5 18. cxb4 Bxb4 19. Re2 $14) 16. cxd4 Qa5 17. Qb3 Nb6 18.
Be3 Rfc8 19. Bd3 $14) 12... b5 $1 (12... Ne5 13. Qe2 Qc7 14. Nd2 $14) 13. Na3 (
13. Rd1 Qc7 14. Qg3 (14. Nd2) 14... Na4 15. Bc1 (15. Na3 Nxb2 16. Nxb5 Qa5 $15)
15... Rfc8 16. Na3 a6 17. Rb1 Nb6 18. Be3 (18. Bb3 Na5 $15) 18... Rab8 $132)
13... Rb8 14. Rad1 Qc7 15. Qe2 (15. Qg3 Rfc8 16. Bxc5 dxc5 17. Qxc7 Rxc7 18.
Re3 (18. Nb1 b4 $15) 18... Ne5 19. Bb3 (19. f4 b4 20. fxe5 bxa3 $17) 19... c4
20. Bc2 a5 $15) 15... b4 16. Nb5 Qb7 17. Nd4 bxc3 (17... Rfc8 18. c4 Qa6 (18...
Nxd4 19. Bxd4 Bxd4 20. Rxd4 Qa6 21. Bb3 e5 22. Rd5 Ne6 23. Qd2 Nd4 $132) 19.
Nxc6 Rxc6 20. Bb3 $11) 18. bxc3 Qc7 19. Rb1 Rfc8 20. Rec1 Rxb1 21. Bxb1 (21.
Rxb1 Nxd4 22. cxd4 Ne6 $17 {[%csl Rc2,Rd4]}) 21... Rb8 22. f4 $2 $17 (22. Bc2
Rb2 23. Rb1 Rxa2 (23... Rxb1+ 24. Bxb1 $11) 24. Qc4 Ra6 25. Ne6 $3 {To find
ths variation is very difficult!} fxe6 26. Bxc5 Qc8 27. Bd4 $11) 22... Na5 23.
Nf3 (23. Bc2 Rb2 24. Rb1 Rxa2 $17) 23... Na4 $1 24. e5 $6 (24. Qe1 Bxc3 $17)
24... Nc4 $2 $15 (24... dxe5 25. fxe5 (25. Nxe5 Nxc3 26. Qd3 (26. Qc2 Bxe5 27.
fxe5 Qxe5 $19) 26... Rxb1 27. Qxb1 Ne2+ 28. Kh1 Nxc1 29. Qxc1 Bxe5 30. fxe5
Qxc1+ 31. Bxc1 Nc4 $19) 25... Nxc3 26. Qc2 Bxe5 (26... Rxb1 $4 27. Rxb1 $132)
27. Nxe5 Qxe5 $19) 25. Bd4 dxe5 26. fxe5 Rb2 27. Qe4 Nab6 28. Rf1 $1 {[%csl
Rf7][%cal Gf1f7]} (28. e6 f5 29. Qe1 Nd5 30. Bxg7 Kxg7 $17) 28... Qd7 $2 $14 (
28... e6 $15 29. Qh4 (29. Ng5 $2 Nd2 $19) (29. a4 $2 Nxa4 30. Bc2 (30. Qa8+ Bf8
31. Ng5 Nd2 32. Qxf8+ (32. Bxg6 hxg6 33. Rxf7 Qb8 34. Qxb8 Rxb8 35. Rxa7 Nxc3
36. Nxe6 Ne2+ 37. Kf2 Nxd4 38. Nxd4 Bc5 $19) 32... Kxf8 33. Nxe6+ Kg8 34. Nxc7
Nxf1 $19) 30... Nc5 $19) (29. Rd1 Nd5 30. Rf1 $15) 29... h6 30. Qe4 $15) 29.
Bd3 $1 {[%csl Rg8][%cal Gf3g5,Gh3h4]} (29. Bxb6 Nxb6 30. Ng5 f5 31. exf6 exf6 (
31... Bxf6 32. Nxh7 $18) 32. Qe6+ (32. Nxh7 f5 $1 33. Qh4 Qd2 $19) 32... Qxe6
33. Nxe6 Nd5 $17) 29... h6 (29... e6 $4 30. Bxc4 Nxc4 31. Qa8+ Bf8 32. Bc5 $18)
30. a4 $2 $17 (30. e6 Qxe6 31. Qxe6 fxe6 32. Bxg7 (32. Bxg6 Rxa2 33. Bb1 $15)
32... Kxg7 33. Nd4 $132) (30. h4 $1 Qe6 31. h5 $14) 30... e6 $4 $16 (30... Qxa4
31. h4 Qa2 $17) 31. h4 (31. a5 Nxa5 32. c4 Rb3 $17) (31. Bxc4 Nxc4 32. Qa8+ Kh7
33. Qxa7 Qxa7 34. Bxa7 Ra2 35. Bd4 Rxa4 36. Rb1 $15) 31... Qd5 (31... Qxa4 32.
h5 Qa2 33. Bf2 g5 34. Qh7+ Kf8 35. Bc5+ Ke8 36. Qg8+ $18) (31... Qc7 32. h5 g5
33. Qh7+ Kf8 34. Nxg5 hxg5 35. Bg6 $18) (31... Nd2 32. Nxd2 Rxd2 33. h5 $18)
32. Qf4 $1 (32. Qxd5 exd5 $15) 32... Nxe5 $6 (32... Bxe5 $6 33. Bxe5 Nxe5 34.
Qxe5 Qxd3 35. Qb8+ Kg7 36. Ne5 Qe3+ 37. Kh2 $1 Rf2 38. Ng4 $18) (32... Qd7 33.
h5 gxh5 34. Qe4 $18) 33. Bxe5 (33. Ne1 f5 34. c4 Nexc4 35. Bxb2 (35. Qb8+ Kh7
36. Bxb2 Nxb2 $19) 35... Nxb2 $17) 33... Bxe5 34. Qxe5 (34. Nxe5 Qxg2#) 34...
Qxd3 35. Qb8+ Kg7 36. Ne5 Qe3+ 37. Kh1 $4 $19 (37. Kh2 $1 Rf2 38. Ng4 Qe2 39.
Rxf2 Qxg4 40. Qxa7 $18) 37... Rf2 38. Rxf2 Qxf2 39. Nf3 Nd5 40. Qe5+ Kg8 41.
Qb8+ Kg7 42. Qe5+ Nf6 43. a5 Qf1+ 44. Kh2 Qc4 45. Nd4 (45. Kh1 Qe4 $19) 45...
a6 46. g4 Qd5 47. Qxd5 Nxd5 48. Nc2 g5 (48... Nxc3 49. Nb4 Nd5 50. Nxa6 Ne3 51.
Nc5 (51. Nb8 Nxg4+ 52. Kg3 Ne3 53. a6 Nd5 54. a7 Nc7 55. Kf4 Kf6 $17) 51...
Nxg4+ 52. Kg3 Ne5 53. a6 Nc6 $17) 49. hxg5 hxg5 50. c4 Nc7 51. Kg3 Kf6 52. Kf3
Ke5 53. Ke3 f5 54. Nb4 fxg4 55. Nd3+ Kf5 56. Nc5 g3 57. Kf3 Ke5 58. Nb3 g2 59.
Kxg2 Ke4 60. Kg3 Kd3 61. Kg4 Kxc4 62. Nd2+ Kb4 63. Kxg5 Kxa5 64. Kf6 Kb4 65.
Ke5 a5 0-1

[Event "Saintly Cup"]
[Site "Sydney"]
[Date "1999.01.25"]
[Round "4"]
[White "Rogers, Ian"]
[Black "Mas, Hafizulhelmi"]
[Result "0-1"]
[WhiteElo "2618"]
[BlackElo "2401"]
[Annotator "Tsesarsky,I"]
[PlyCount "142"]
[EventDate "1999.01.22"]
[EventType "tourn"]
[EventRounds "9"]
[EventCountry "AUS"]
[EventCategory "10"]
[SourceTitle "CBM 070"]
[Source "ChessBase"]
[SourceDate "1999.06.08"]
[SourceVersion "1"]
[SourceVersionDate "1999.06.08"]
[SourceQuality "1"]

{[%mdl 18464]} 1. d4 d6 2. e4 Nd7 3. Nf3 g6 4. Bc4 Nb6 5. Bb3 Bg7 (5... e6 6.
O-O Nf6 7. Qe2 Be7 8. e5 $16 {1-0 From,S-Weber,S/Wildbad WchV ,EXT 1993 (66)})
6. O-O (6. Nc3 Nf6 7. h3 O-O 8. Bg5 Nfd7 9. Ne2 c5 10. c3 Qe8 11. Qd2 e5 12.
dxc5 dxc5 13. O-O-O $14 (13. g4 c4 14. Bc2 f6 15. Be3 Qe7 16. O-O-O $14 (16. b3
Nc5 $132 {0-1 Gordan,N-Bogdan,D/Bucharest 1994 (50)}))) 6... c6 (6... Nf6 7.
Nc3 (7. Qe2 d5 8. Nbd2 (8. exd5 $5 $14) 8... c6 9. Re1 e6 10. e5 Nfd7 11. Nf1
h6 12. Ne3 Qe7 13. c3 $14 {1-0 Dizdar Goran-Pandurevic Miro/Ch Croatia (team) 
(1st league), Tucepi 1996 (51)}) 7... O-O (7... c6 8. Re1 O-O 9. h3 Nfd7 10. a4
a5 11. Be3 e5 12. dxe5 dxe5 13. Qd6 $14 {0-1 Galvez,F-Guerrero,R/Andalucia ,
EXT 1991 (47)}) 8. Bg5 (8. a4 a5 9. h3 c6 10. Bg5 h6 11. Be3 d5 12. e5 Ne8 13.
Ne2 $14 {1-0 Ezsol,M-Csicsay,I/HUN tt 1993 (42)}) 8... h6 9. Be3 a5 10. a3 Bg4
11. h3 Bd7 12. e5 $14 {1-0 Torfason,J-Magdalena,J/Graz Stu tt(1) 1972 (35)}) (
6... Bd7 7. c3 c5 8. Re1 cxd4 9. Nxd4 (9. cxd4 $14) 9... e6 10. Nd2 Ne7 11. Nf1
O-O 12. Bg5 Re8 13. Ne3 Qc7 (13... e5 14. Ndc2 Bc6 15. Ng4 $16 {1-0 Agababian,
N-Frank,B/Mondorf ,EXT 1991 (24)}) 14. Ng4 Nc4 $14) 7. a4 a5 8. Nc3 Qc7 (8...
d5 9. Re1 Nf6 10. e5 $14) (8... Nf6 9. e5 Nfd5 (9... dxe5 10. dxe5 (10. Nxe5
O-O 11. Re1 Bf5 $11) 10... Qxd1 (10... Nfd5 11. Ne4 Bg4 12. h3 $1 Bxf3 13. Qxf3
Bxe5 14. c4 Nf6 (14... Nb4 15. Rd1 Qc7 16. Bh6 Bxb2 17. Qe3 Be5 18. f4 Nc2 19.
Bxc2 Nxc4 20. Qc5 Bxa1 21. Qxc4 $16) 15. Rd1 Qc7 16. Nxf6+ Bxf6 17. Bf4 $44)
11. Rxd1 Ng4 12. Bf4 $14) 10. exd6 $14 (10. Nxd5 cxd5 $11)) 9. e5 $1 $32 d5 (
9... dxe5 10. dxe5 Bxe5 11. Nxe5 Qxe5 12. Re1 $16 {[%csl Re8][%cal Gc3e4]}) 10.
h3 $1 (10. Bf4 Bg4 $11) 10... Bd7 (10... Bf5 $5) 11. Re1 $14 h6 12. Ne2 (12.
Bf4 $14) 12... e6 (12... g5 13. Ng3 g4 14. hxg4 (14. Nh4 gxh3 15. Nhf5 Rh7 16.
Qg4 O-O-O 17. Qxh3 Bh8 $14) 14... Bxg4 15. Qd3 e6 16. Nh2 h5 17. f3 h4 18. Nxg4
hxg3 19. Bf4 $16) 13. Nf4 (13. c3 $14) 13... Ne7 14. Nd3 Bc8 {It's very
difficult to recommend any plan for Black. What to do with K ?} 15. c3 Nd7 16.
Bc2 b6 17. b4 Bf8 {Unusual solution.} (17... Ba6 18. Ba3 $14 {[%cal Ga3d6]})
18. Rb1 (18. Ba3 axb4 19. cxb4 Bb7 $14) 18... Nf5 $6 {White has space
advantage and try to play on both sides.} (18... Bb7 $14) 19. g4 $1 Ne7 (19...
Ng7 $6 $16 {[%csl Rg7]}) 20. Bd2 $6 (20. Ba3 $5 $14) 20... Bb7 (20... Bg7 $5)
21. b5 $6 $132 {Not necessary move.} (21. Bc1 $14 {[%cal Gc1a3]}) 21... cxb5 $6
$14 (21... c5 $1 {[%cal Ge8c8]} 22. dxc5 Nxc5 (22... bxc5 23. Bc1 (23. c4 dxc4
24. Nb2 Nb6 $15) 23... Nb6 24. Ba3 Nec8 25. Nb2 Na7 26. Qe2 O-O-O $132) 23.
Nxc5 bxc5 24. b6 Qd7 25. c4 dxc4 26. Be4 (26. Qe2 Nd5 $15) 26... Nd5 27. Qc2
Ra6 $15) 22. axb5 {[%cal Gc3c4]} O-O-O 23. Nf4 Kb8 24. Bd3 Rc8 25. h4 $5 (25.
Qe2 Bg7 26. Rec1 Ba8 (26... Ka7 27. c4 dxc4 28. Rxc4 Qb8 29. Ra4 $16 {[%csl
Ra5,Ra7]}) 27. Ne1 (27. c4 dxc4 28. Bxc4 Qb7 29. Rb3 Rc7 $132 {[%cal Gb7h1]})
27... Qb7 (27... h5 28. gxh5 gxh5 29. Nxh5 $16) 28. Neg2 $14 {[%cal Gg2e3]})
25... Re8 (25... g5 26. hxg5 Rg8 (26... hxg5 27. Nxg5 $16) 27. g6 $1 $16) 26.
h5 g5 (26... gxh5 27. Nxh5 Rg8 28. Nh4 Nc8 29. Qf3 $14) 27. Ng2 Bg7 28. Rc1 Qd8
29. Ne3 $6 (29. c4 $1 dxc4 30. Bxc4 Nd5 31. Bxd5 Bxd5 32. Ne3 Bb7 33. Nc4 $16)
29... f6 $1 30. exf6 Bxf6 31. c4 (31. Nf1 Nc8 32. c4 dxc4 33. Bxc4 Nd6 34. Rxe6
(34. Bxe6 Nxb5 $132) 34... Rxe6 35. Bxe6 Nxb5 36. Be3 Bxf3 37. Qxf3 Nxd4 38.
Bxd4 Bxd4 $44) 31... e5 $1 32. c5 (32. dxe5 Nxe5 33. Nxe5 Bxe5 34. c5 bxc5 35.
Rxc5 Bh2+ $1 36. Kf1 (36. Kxh2 Qd6+ 37. Kg1 Qxc5 38. Bxa5 d4 39. Qc2 $1 Qxc2 (
39... Qd6 40. Nc4 $16) 40. Nxc2 Nd5 41. Nxd4 Rxe1+ 42. Bxe1 Nf4 43. Bf1 $44)
36... Rhf8 $132) 32... exd4 33. c6 dxe3 34. c7+ $2 $17 {Wrong evaluation! Q
less than R+N+2P in this position.} (34. Bxe3 Nc5 35. Bxc5 (35. cxb7 d4 36.
Rxc5 bxc5 37. Bd2 Nd5 $17) 35... bxc5 36. Rxc5 $2 (36. cxb7 c4 (36... Qb6 37.
Ne5 Bxe5 38. Rxe5 c4 39. Qe1 Qxb7 40. Bf5 $16 (40. Bg6 Qd7 41. Bxe8 Qxg4+ $11))
37. Bf1 $132) 36... Qd6 37. Rc2 Bc8 38. Nh2 (38. Nd2 Qf4 $17) (38. c7+ Ka7 39.
b6+ Qxb6 $19) 38... Bd4 39. Kh1 Rhf8 40. Ree2 $17) 34... Qxc7 35. Rxc7 exf2+
36. Kxf2 Kxc7 37. Kg3 (37. Be3 Rhf8 $17) 37... Rhf8 38. Be3 d4 (38... Kb8 39.
Nd4 Nc5 40. Bc2 Be5+ $17) 39. Nxd4 Nd5 40. Qc1+ (40. Qc2+ Kb8 $19) (40. Bg6
Nxe3 41. Qc1+ Kd8 (41... Kb8) 42. Rxe3 (42. Bxe8 Be5+ 43. Kh3 Bg2#) 42... Bxd4
(42... Be5+ 43. Kh3 (43. Rxe5 Rxe5 44. Nc6+ Bxc6 45. bxc6 Rc5 $19) 43... Bxd4
44. Rxe8+ Rxe8 45. Bxe8 Kxe8 46. Qc7 Bf3 47. Qg3 Bb7 48. Qc7 $11) (42... Rxe3+
43. Qxe3 Be5+ 44. Kh3 Bxd4 (44... Rf1 45. Nc6+ $18) 45. Qxd4 Rf3+ 46. Kh2 Rf4
47. Qh8+ Rf8 48. Qxh6 Rf2+ 49. Kg1 Rg2+ 50. Kf1 Rxg4 51. Qh8+ $16) 43. Rxe8+
Rxe8 44. Bxe8 Kxe8 45. Qc2 Nc5 46. Qg6+ Ke7 47. Qh7+ Kd6 48. Qxh6+ Ne6 49. Qg6
Bd5 50. h6 a4 51. Qd3 Bb2 52. h7 a3 53. Qxa3+ Bxa3 54. h8=Q Bc5 $17) 40... Nc5
$1 41. Ne6+ Rxe6 42. Bxc5 Rxe1 43. Qxe1 (43. Bxb6+ Kxb6 44. Qxe1 Bd4 $19) 43...
bxc5 (43... Bc3 $1 $19 44. Qe6 Rf3+ 45. Kxf3 (45. Kh2 Rh3+ $1 46. Kg1 Rh1+ 47.
Kf2 Be1+ $19) 45... Nf4+ $19) 44. Qe6 (44. Qxa5+ Kb8 $19) 44... Nb6 (44... Rd8
$19) 45. Be4 Bxe4 46. Qxe4 Nd7 47. Qc6+ Kd8 48. Kg2 a4 (48... Ke7 $19) 49. Qa8+
Ke7 50. Qxa4 Bd4 51. Qa6 Rf2+ 52. Kh1 Rf6 53. Qb7 Re6 54. Kg2 Re2+ 55. Kf3 Re5
56. Qc8 Re3+ 57. Kg2 Re4 58. Kf3 Rf4+ 59. Ke2 Rxg4 60. b6 Rg2+ 61. Kf3 Rf2+ 62.
Kg3 Nxb6 63. Qb7+ Nd7 64. Qd5 Rf6 65. Kg2 Be5 66. Kh1 g4 67. Qe4 g3 68. Qh7+
Kd8 69. Kg1 Rf2 70. Qg8+ Kc7 71. Qg6 Rb2 0-1